000
00241nam a2200097Ia 4500
001
714585
005
20250826162908.0
008
250824s9999 xx 000 0 und d
245
0
_a
SULTANI ÖLDÜRMEK
_c
AHMET ÜMİT
260
_b
EVEREST YAYINLARI
999
_c
714585
_d
714585